000 00429nam a2200181Ia 4500
001 30676
003 IN-NITTTR
005 20251114233414.0
008 251113s9999||||xx |||||||||||||| ||eng||
040 _beng
040 _cIN-NITTTR
041 _aeng
082 _a621.395 K527D
100 _aKhan, Habibulla
245 0 _aDigital logic design /
_cKhan, Habibulla, Khan, Akbar
700 _a Khan, Akbar
942 _2ddc
_cBK
999 _c33306
_d33306